|
|
|
|
| LEADER |
01384nam a22003017a 4500 |
| 001 |
401997 |
| 003 |
BD-DhAAL |
| 005 |
20221219115442.0 |
| 008 |
221218t2013 bg ||||| |||| 00| 0 ben d |
| 999 |
|
|
|c 45200
|d 45200
|
| 020 |
|
|
|a 9789849001881
|
| 040 |
|
|
|a BD-DhAAL
|c BD-DhAAL
|
| 041 |
|
|
|a ben
|
| 082 |
|
|
|a 332.1095492
|
| 245 |
|
|
|a গ্রামীণ ব্যাংক ও মুহাম্মাদ ইউনূস (২০১১, ২০১২) /
|c সম্পাদনা শামসুল হোসাইন
|
| 246 |
|
|
|a Grameen bank o Muhammad yunus (2011-2012)
|
| 260 |
|
|
|a ঢাকা :
|b অনন্যা,
|c ২০১৩
|
| 300 |
|
|
|a ২৭১ পৃষ্ঠা ;
|c ২২ সে.মি.
|
| 541 |
|
|
|a Donated By Akbar Ali Khan
|e 40197
|
| 600 |
|
|
|c Yunus, Muhammad, 1940-
|9 52981
|
| 610 |
|
|
|a Grameen Bank.
|9 52982
|
| 650 |
|
|
|a Banks and banking
|z Bangladesh.
|9 52983
|
| 650 |
|
|
|a Rural poor
|z Bangladesh
|x Economic conditions.
|9 52984
|
| 650 |
|
|
|a Non-governmental organizations
|z Bangladesh.
|9 52985
|
| 700 |
|
|
|a হোসাইন, শামসুল
|9 53034
|
| 852 |
|
|
|a Ayesha Abed Library
|c Akbar Ali Khan Collection
|
| 942 |
|
|
|2 ddc
|c BK
|
| 952 |
|
|
|0 0
|1 0
|2 ddc
|4 0
|6 332_109549200000000_GRA
|7 1
|9 72516
|a BRACUL
|b BRACUL
|c AAKC
|d 2022-12-18
|e Donated by Akbar Ali Khan
|g 400.00
|l 0
|o 332.1095492 GRA
|p 3010040197
|r 2022-12-18
|t 1
|v 400.00
|w 2022-12-18
|y BK
|x Price available in book.
|